Likvidácia obchodných spoločností

Právna úprava likvidácie. Účtovné a daňové povinnosti súvisiace s likvidáciou. Vstup do likvidácie. Obdobie likvidácie spoločnosti. Ukončenie likvidácie. Príklad.

Saved in:
Bibliographic Details
Main Author: Kaletová, Viera
Format: Book Chapter
Language:Slovak
Subjects:
Tags: Add Tag
No Tags, Be the first to tag this record!

MARC

LEADER 00000naa$a2200000$$$4500
001 0066625
005 20231114095656.5
041 0 |a slo 
044 |a SK 
245 1 0 |a Likvidácia obchodných spoločností  |c Viera Kaletová 
520 |a Právna úprava likvidácie. Účtovné a daňové povinnosti súvisiace s likvidáciou. Vstup do likvidácie. Obdobie likvidácie spoločnosti. Ukončenie likvidácie. Príklad. 
610 2 0 |a spoločnosti obchodné 
610 2 0 |a likvidácia 
610 2 0 |a úpravy právne 
100 1 |a Kaletová, Viera